Musang makan ayam & tempua bersarang rendah

Bibliographic Details
Format: Book
Published: Petaling Jaya : Junior Pages Punblications , 2006
Series:Siri asal usul binatang....

MARC

LEADER 00000cam a2200000 7i4500
001 0000046931
005 20150412.0
008 12042015
020 |a 9789833330495 
020 |a 9833330495 
090 0 0 |a ANM   |b MAL 
245 0 0 |a Musang makan ayam & tempua bersarang rendah   |c dicerita semula oleh Rubiah Jusoh 
260 |a Petaling Jaya :   |b Junior Pages Punblications ,   |c 2006 
440 |a Siri asal usul binatang.... 
999 |a 0001078794   |b Book   |c Children Collection   |e Cawangan Bukit Gambir 
999 |a 0001078795   |b Book   |c Children Collection   |e Cawangan Tmn. Ungku Tun Aminah